000
00301 a2200145 4500
001
163700
020
_a
040
_c
Magnum
100
_a
Saldanha, Paula
240
1
0
_a
Tuc-tuc na cidade
_l
por
245
1
0
_a
Tuc-tuc na cidade
362
0
_a
1899
697
_a
IJ/SOCIEDADE COTIDIANO
942
_c
BK
999
_c
163700
_d
163700